Ganadores Red Bull Batalla Costa Rica - Estadísticas

Estadísticas generales
  • Esta prueba ha sido intentada 34 veces
  • La puntuación promedio es 4 de 6
Estadísticas de respuestas
Año MC % Correcto
2019 SNK
95%
2020 SNK
95%
2016 Cehzar
65%
2018 RVS
65%
2017 G
55%
2021 P8
50%
No se encontraron pruebas coincidentes
Distribución de puntuación
Porcentaje de gente con cada puntuación
Porcentaje por número respondido
Historial de tus puntuaciones
No has intentado esta prueba.